| 000 | 00356 a2200109 4500 | ||
|---|---|---|---|
| 001 | ART_61573 | ||
| 005 | 20260410162056.0 | ||
| 008 | 260409a | ||
| 245 | 1 | 0 | _aJuicio por jurados en el sistema federal |
| 100 | 1 | _aGrappasonno, Nicolás | |
| 773 | 0 |
_tTemas de derecho penal y procesal penal _g- Año 6, N° 2/3 (feb./mar. 2024) _wREV60798 |
|
| 999 |
_c36285 _d36285 |
||